书目信息 |
| 题名: |
半群的S-系理论
|
|
| 作者: | 刘仲奎 著 | |
| 分册: | ||
| 出版信息: | 北京 科学出版社 1999 |
|
| 页数: | 319页 | |
| 开本: | 20cm | |
| 丛书名: | 现代数学丛书 | |
| 单 册: | ||
| 中图分类: | O152.7 | |
| 科图分类: | ||
| 主题词: | 代数 , 数论 , 组合数学 | |
| 电子资源: | ||
| ISBN: | 7-03-006936-6 | |
| 000 | 00616nam0 2200229 450 | |
| 001 | 0732828906 | |
| 005 | 20070903090708.90 | |
| 010 | @a7-03-006936-6@d¥21.00 | |
| 100 | @a20070903d km y0chiy0120 ea | |
| 101 | 0 | @achi |
| 200 | 1 | @a半群的S-系理论@Aban qun de S-xi li lun@f刘仲奎著@Fliu zhong kui zhu |
| 210 | @a北京@c科学出版社@d1999 | |
| 215 | @a319页@d20cm | |
| 225 | 2 | @a现代数学丛书 |
| 410 | 0 | @12001 @a现代数学丛书 |
| 606 | 0 | @a代数 |
| 606 | 0 | @a数论 |
| 606 | 0 | @a组合数学 |
| 690 | @aO152.7@v3 | |
| 701 | 0 | @a刘仲奎@Aliu zhong kui@4著 |
| 801 | 0 | @aCN@bPFT@c20070903 |
| 905 | @a213230@dO152.7@eS156@f1 | |
| 半群的S-系理论/刘仲奎著.-北京:科学出版社,1999 |
| 319页;20cm.-(现代数学丛书) |
| ISBN 7-03-006936-6:¥21.00 |
| ● |
| 相关链接 |
|
|
|
|
正题名:半群的S-系理论
索取号:O152.7/S156
 
预约/预借
| 序号 | 登录号 | 条形码 | 馆藏地/架位号 | 状态 | 备注 |
| 1 | 6701563 | 267015632 | 密集书库-数信学院/ [索取号:O152.7/S156] | 在馆 | |
| 2 | 6701564 | 267015641 | 密集书库-数信学院/ [索取号:O152.7/S156] | 在馆 | |
| 3 | 6701565 | 267015650 | 密集书库-数信学院/ [索取号:O152.7/S156] | 在馆 | |
| 4 | 6701566 | 267015669 | 密集书库-数信学院/ [索取号:O152.7/S156] | 在馆 | |
| 5 | 6701567 | 267015678 | 密集书库-数信学院/ [索取号:O152.7/S156] | 在馆 |